Public enterprises survey 1980-81: annual report on the working of industrial and commercial undertakings of the central government (Record no. 508577)

000 -LEADER
fixed length control field 00559nam a22001577a 4500
005 - DATE AND TIME OF LATEST TRANSACTION
control field 20190402115841.0
008 - FIXED-LENGTH DATA ELEMENTS--GENERAL INFORMATION
fixed length control field 180809b ||||| |||| 00| 0 eng d
040 ## - CATALOGING SOURCE
Transcribing agency
082 ## - DEWEY DECIMAL CLASSIFICATION NUMBER
Classification number A45:U61 1980
100 ## - MAIN ENTRY--PERSONAL NAME
Personal name India. Ministry of Finance
9 (RLIN) 224
245 ## - TITLE STATEMENT
Title Public enterprises survey 1980-81: annual report on the working of industrial and commercial undertakings of the central government
Remainder of title by Ministry of Finance
260 ## - PUBLICATION, DISTRIBUTION, ETC. (IMPRINT)
Place of publication, distribution, etc New Delhi
Name of publisher, distributor, etc Government of India
Date of publication, distribution, etc 1981
300 ## - PHYSICAL DESCRIPTION
Extent 558p.
500 ## - GENERAL NOTE
General note Library has 1975-76, 1980-81, 1989-90
942 ## - ADDED ENTRY ELEMENTS (KOHA)
Source of classification or shelving scheme
Item type GG
Holdings
Withdrawn status Lost status Source of classification or shelving scheme Damaged status Koha normalized classification for sorting Not for loan Permanent location Current location Date acquired Full call number Barcode Date last seen Price effective from Koha item type
        A_45U61_1980_000000000000000   Indian Institute of Public Administration Indian Institute of Public Administration 2019-04-02 A45:U61 1980 GG33933 2019-04-02 2019-04-02 GG

Powered by Koha